000 00639nam a22002057a 4500
005 20151127110850.0
010 _aENG-114224
020 _a9789350352830
_c450.00
035 _aEN-97756
037 _bDBAD/PUB
082 _a346.5404
100 _aMadan, Vishwa Lochan
245 _aSale and purchase of properties :
_cby Vishwa Lochan Madan
_ba legal guide /
250 _a4th ed
260 _aDelhi
_bUniversal Law Publishing
_c2013
270 _aC-FF-1A, Dilkhush Industrial Estate, G.T.Karnal Road
_bDelhi
_e110033
300 _al,490p.
_c24cm(pbk)
500 _aIncludes index
942 _2ddc
_cEN
_mMAD
_h346.5404
999 _c97663
_d97663